Area-based protection mechanisms for heritage conservation: a European comparison (Record no. 70901)

MARC details
000 -LEADER
fixed length control field 01734cam a2200373 4500
001 - CONTROL NUMBER
control field ABS65689
008 - FIXED-LENGTH DATA ELEMENTS--GENERAL INFORMATION
fixed length control field 020805n2002 000 0 eng u
035 ## - SYSTEM CONTROL NUMBER
System control number (Sirsi) u119202
100 ## - MAIN ENTRY--PERSONAL NAME
Personal name Pickard, R.
245 ## - TITLE STATEMENT
Title Area-based protection mechanisms for heritage conservation: a European comparison
260 ## - PUBLICATION, DISTRIBUTION, ETC.
Date of publication, distribution, etc. 2002
490 ## - SERIES STATEMENT
Series statement Journal of Architectural Conservation
Volume/sequential designation 8 (2) July 2002, 69-88 (20)
520 ## - SUMMARY, ETC.
Summary, etc. Examines the progress of the Czech Republic, Denmark, France,Germany, Spain and the United Kingdom towards establishing area-based protection mechanisms and integrated conservation policies promulgated in relation to the Convention for the Protection of the Architectural Heritage of Europe (Granada convention). Considers the historical background and current area protection policies. Key issues arising from this discussion are special plans; achievement of economic and social goals through conservation regulation and management; measures in support of rehabilitation. [Taken from journal abstract].
590 ## - LOCAL NOTE (RLIN)
Local note ABS
650 ## - SUBJECT ADDED ENTRY--TOPICAL TERM
Topical term or geographic name entry element ARCHITECTURAL HERITAGE
650 ## - SUBJECT ADDED ENTRY--TOPICAL TERM
Topical term or geographic name entry element MONUMENTS
650 ## - SUBJECT ADDED ENTRY--TOPICAL TERM
Topical term or geographic name entry element ICOMOS
650 ## - SUBJECT ADDED ENTRY--TOPICAL TERM
Topical term or geographic name entry element VENICE CHARTER
650 ## - SUBJECT ADDED ENTRY--TOPICAL TERM
Topical term or geographic name entry element AMSTERDAM DECLARATION
650 ## - SUBJECT ADDED ENTRY--TOPICAL TERM
Topical term or geographic name entry element GRANADA CONVENTION
650 ## - SUBJECT ADDED ENTRY--TOPICAL TERM
Topical term or geographic name entry element AREA-BASED PROTECTION MECHANISMS
650 ## - SUBJECT ADDED ENTRY--TOPICAL TERM
Topical term or geographic name entry element INTEGRATED CONSERVATION
650 ## - SUBJECT ADDED ENTRY--TOPICAL TERM
Topical term or geographic name entry element CZECH REPUBLIC
650 ## - SUBJECT ADDED ENTRY--TOPICAL TERM
Topical term or geographic name entry element GERMANY
650 ## - SUBJECT ADDED ENTRY--TOPICAL TERM
Topical term or geographic name entry element DENMARK
650 ## - SUBJECT ADDED ENTRY--TOPICAL TERM
Topical term or geographic name entry element SPAIN
650 ## - SUBJECT ADDED ENTRY--TOPICAL TERM
Topical term or geographic name entry element FRANCE
650 ## - SUBJECT ADDED ENTRY--TOPICAL TERM
Topical term or geographic name entry element EUROPE
650 ## - SUBJECT ADDED ENTRY--TOPICAL TERM
Topical term or geographic name entry element UNESCO WORLD HERITAGE SITES
650 ## - SUBJECT ADDED ENTRY--TOPICAL TERM
Topical term or geographic name entry element CONVENTION FOR THE PROTECTION OF THE ARCHITECTURAL HERITAGE OF EUROPE
650 ## - SUBJECT ADDED ENTRY--TOPICAL TERM
Topical term or geographic name entry element UNITED KINGDOM
690 ## - LOCAL SUBJECT ADDED ENTRY--TOPICAL TERM (OCLC, RLIN)
Topical term or geographic name as entry element BUILT ENVIRONMENT-BUILDING MAINTENANCE AND REFURBISHMENT-BUILDING CONSERVATION
942 ## - ADDED ENTRY ELEMENTS (KOHA)
Suppress in OPAC 0
Holdings
Withdrawn status Lost status Source of classification or shelving scheme Damaged status Not for loan Home library Current library Shelving location Date acquired Total Checkouts Full call number Barcode Date last seen Copy number Price effective from Koha item type
    Dewey Decimal Classification     London London Journal article 05/08/2002   ABS65689 119202-1001 06/08/2019 1 06/08/2019 Journal article